| 000 | 00880nam a2200313Ia 4500 | ||
|---|---|---|---|
| 001 | Z_3107 | ||
| 003 | CHAP | ||
| 008 | 220113s9999 xx 000 0 und d | ||
| 010 | _a166206 | ||
| 020 | _a0-471-86681-4 | ||
| 040 | _cCHAP | ||
| 082 | _a512.9434 S43 | ||
| 100 |
_aSearle, Shayle R. _9103457 |
||
| 245 |
_aMatrix algebra useful for statistics / _cShayle R. Searle |
||
| 260 |
_aEstados Unidos de América : _bWiley, _c |
||
| 300 | _axxii, 438 p. | ||
| 440 |
_aWiley series in probality and mathematical statistics. Applied probality and statistics _9140262 |
||
| 503 | _aej.1: fotocopia | ||
| 504 | _aBibliografía: p. 429 - 431 | ||
| 650 |
_aÁlgebra _982391 |
||
| 650 |
_aEstadística _938241 |
||
| 650 |
_aMatrices (Matemáticas) _9140263 |
||
| 901 | _a512.9434 S43 | ||
| 902 | _aM | ||
| 910 | _a | ||
| 942 | _c1 | ||
| 942 | _cc1 | ||
| 999 |
_c166206 _d166206 |
||